000 00615nam a22001937a 4500
003 0
005 20160609165904.0
008 101005t xxu||||| |||| 00| 0 eng d
040 _aBUAC
_cBEPAC
100 _aToko Issakou , Wahabou El Hadj
_99623
130 _lfr
_99624
245 _aInfestations trypanosomiennes etessai de traitements trypanocides chez les ovins dans la commune de Kandi
260 _aEPAC-UAC
_bEPAC-UAC
_c2007-2008
300 _aXII-71p.
650 _aTRYPANOSOMOS
_bTRYPANOTOLERANT
_99625
650 _aHEMATOCRITE
_bPARASITEMIE
_99626
700 _aFarougou , souaibou
_99627
942 _cTHE
999 _c47904
_d47904